00666 2200229 4500001002100000005001500021035002000036007000300056008004100059020002200100082001000122084001600132100002000148245009800168250001000266260006000276300004100336700001800377700001700395990001200412990001200424INLIS00000000000608920220425125726 a0010-0920000031ta220425 g 0 ind  a978-979-3927-75-6 a641.5 a641.5 RIT m0 aRITA, Ramayulis1 aMenu dan Resep untuk Penderita Diabetes Mellitus /cRita Ramayulis, Trina Astuti, T.S. Harumi acet.3 aJakarta :bPenebar Plus+ (Penebar Swadaya Group),c2011 a153 hlm. :bilus. ;c14.5 x 21.5 cm.0 aTRINA, Astuti0 aHARUMI, T.S. a12989 A a12989 B